| 000 | 00621nam a2200193Ia 4500 | ||
|---|---|---|---|
| 003 | GCL | ||
| 008 | 140319s9999 xx 000 0 ara d | ||
| 040 |
_aGCL / _cGCL |
||
| 082 | 0 | 4 |
_aق _b923.1 _bع ع |
| 100 | 1 | _aعبدالله امام | |
| 245 | 1 | 0 |
_aعلى صبرى يتذكر : _bبصراحة عن السادات / _cعبدالله امام |
| 260 |
_aالقاهرة : _bدار الخيال ، _c1997 |
||
| 300 |
_a225 ص ؛ _c24 سم |
||
| 650 | 0 | 4 | _aالمذكرات |
| 650 | 0 | 4 | _aالتراجم |
| 650 | 0 | 4 | _aمصر - رؤساء الجمهورية |
| 650 | 0 | 4 | _aالرؤساء - تراجم |
| 942 |
_2ddc _cBK |
||
| 999 |
_c51948 _d51948 |
||